Őszinte koncertsiker

Elmentve itt :
Bibliográfiai részletek
Szerző: Kátai László
Dokumentumtípus: Cikk
Megjelent: 1972-02-03
Sorozat:Délmagyarország 62 No. 28
Kulcsszavak:Delley József, Kedves Tamás, Zenei élet hangverseny Szeged 1972, zeneélet 1962-1979
Online Access:http://dmarchiv.bibl.u-szeged.hu/61663
LEADER 00515nab a2200157 i 4500
001 delm61663
005 20180927144515.0
008 180927s1972 hu o 0|| hun d
040 |a SZTE Délmagyarország Archívum  |b hun 
041 |a hun 
100 1 |a Kátai László 
245 1 0 |a Őszinte koncertsiker  |h [elektronikus dokumentum] /  |c  Kátai László 
260 |c 1972-02-03 
300 |a 8 
490 0 |a Délmagyarország  |v 62 No. 28 
695 |a Delley József, Kedves Tamás, Zenei élet hangverseny Szeged 1972, zeneélet 1962-1979